000 00602nam a2200181 a 4500
001 000040066
005 20201002033910.0
008 130805s1973 sp 000 0 spa d
040 _aDO-SdBNP
_bspa
_cBNPHU
100 1 _aLeclerc, G.
_966323
245 1 0 _aAntropología y colonialismo /
_cG. Leclerc ; traducción de J. Martínez de Velasco.
260 _aMadrid :,
_c1973-- 274 p.
300 _a273 p. ;
_c20 cm.
490 1 _aComunicación. Serie B ;
_v28
534 _aAnthropologie et colonalisme
700 1 _aMartínez de Velasco, J., $etrad
_966324
830 0 _aComunicación. Serie B
_v28
_952794
999 _c39556
_d39556